Economics

Salvato in:
Dettagli Bibliografici
Autore principale: Samuelson, Paul A.
Altri autori: Nordhaus, William D.
Natura: Libro
Lingua:inglese
Pubblicazione: New York McGraw-Hill/Irvin 2005
Edizione:18th Edition
Soggetti:
Tags: Aggiungi Tag
Nessun Tag, puoi essere il primo ad aggiungerne!!

MARC

LEADER 00000nam$a2200000$$$4500
001 0068340
005 20240306135157.8
020 |a 978-0-07-287205-7 
020 |a 978-0-07-123932-5 
020 |a 007-123932-4 
041 0 |a eng 
044 |a US 
245 1 0 |a Economics  |c Paul A. Samuelson, William D. Nordhaus 
250 |a 18th Edition 
264 1 |a New York  |b McGraw-Hill/Irvin  |c 2005 
300 |a 776 s. 
610 2 0 |a politika hospodárska 
610 2 0 |a ekonómia 
610 2 0 |a mikroekonomika 
610 2 0 |a ponuka 
610 2 0 |a dopyt 
610 2 0 |a produkty 
610 2 0 |a práca 
610 2 0 |a kapitál 
610 2 0 |a obchod medzinárodný 
610 2 0 |a makroekonomika 
610 2 0 |a rast hospodársky 
610 2 0 |a cykly obchodné 
610 2 0 |a globalizácia hospodárstva 
610 2 0 |a nezamestnanosť 
610 2 0 |a inflácia 
100 1 |a Samuelson, Paul A. 
700 1 |a Nordhaus, William D.